| 000 -LEADER |
| fixed length control field |
00384nam a2200145 4500 |
| 008 - FIXED-LENGTH DATA ELEMENTS--GENERAL INFORMATION |
| fixed length control field |
191125b ||||| |||| 00| 0 eng d |
| 082 00 - DEWEY DECIMAL CLASSIFICATION NUMBER |
| Classification number |
623.87 |
| Item number |
K521 |
| 100 ## - MAIN ENTRY--PERSONAL NAME |
| 9 (RLIN) |
259 |
| Personal name |
King, Reno C. |
| 245 10 - TITLE STATEMENT |
| Title |
Practical Marine Engineering |
| 250 ## - EDITION STATEMENT |
| Edition statement |
1st ed. |
| 260 ## - PUBLICATION, DISTRIBUTION, ETC. (IMPRINT) |
| Place of publication, distribution, etc |
New York |
| Name of publisher, distributor, etc |
Prentice Hall |
| Date of publication, distribution, etc |
1948 |
| 300 ## - PHYSICAL DESCRIPTION |
| Extent |
x, 470 p. |
| 650 #0 - SUBJECT ADDED ENTRY--TOPICAL TERM |
| Topical term or geographic name as entry element |
Marine Engineering |
| 942 ## - ADDED ENTRY ELEMENTS (KOHA) |
| Source of classification or shelving scheme |
|
| Item type |
Books |